Implantación de un programa de calidad: el sol a través de las 5´s en el Laboratorio de Productos Forestales
में बचाया:
| मुख्य लेखक: | |
|---|---|
| अन्य लेखक: | |
| स्वरूप: | पुस्तक |
| प्रकाशित: |
[San José, Costa Rica] : Universidad de Costa Rica, Facultad de Ingeniería, Instituto de Investigaciones en Ingeniería, Laboratorio de Productos Forestales
1998
|
| टैग: |
टैग जोड़ें
कोई टैग नहीं, इस रिकॉर्ड को टैग करने वाले पहले व्यक्ति बनें!
|
MARC
| LEADER | 00000nam a2200000Ia 4500 | ||
|---|---|---|---|
| 003 | PI0030 | ||
| 005 | 20231031103718.0 | ||
| 008 | 140116s1998 c a 000 ||s d | ||
| 040 | |c cru CEDI | ||
| 090 | |a PI 30 | ||
| 100 | |a Carpio Malavassi, Isabel María, 1954- |9 1705 | ||
| 245 | |a Implantación de un programa de calidad: el sol a través de las 5´s en el Laboratorio de Productos Forestales | ||
| 260 | |a [San José, Costa Rica] : Universidad de Costa Rica, Facultad de Ingeniería, Instituto de Investigaciones en Ingeniería, Laboratorio de Productos Forestales |c 1998 | ||
| 300 | |c 10[10] hojas; ilustraciones | ||
| 500 | |a Informe final de proyecto de investigación . No. 731 97 920 | ||
| 700 | |a Muñoz, Eduardo |9 1737 | ||
| 942 | |c PI |h PI-30 |i PI0030 |6 PI_30_PI0030 | ||
| 999 | |c 13191 |d 13191 | ||
